Statistics for Every Pokemon Move that Eevee Can Learn

Click here to take the quiz!

General Stats

  • This quiz has been taken 28 times
  • The average score is 17 of 47

Answer Stats

TypeMove% Correct
NormalTackle
100%
DarkBite
83%
NormalTail Whip
83%
NormalQuick Attack
72%
GroundSand Attack
72%
FairyBaby-Doll Eyes
67%
FairyCharm
67%
NormalGrowl
67%
SteelIron Tail
61%
NormalAttract
56%
GroundDig
56%
NormalProtect
50%
GhostShadow Ball
50%
NormalTake Down
50%
FightingDouble Kick
44%
WaterRain Dance
44%
PsychicRest
44%
FireSunny Day
44%
NormalDouble-Edge
39%
NormalHelping Hand
39%
NormalLast Resort
33%
NormalSleep Talk
33%
NormalSubstitute
33%
NormalCovet
28%
GhostCurse
28%
NormalEndure
28%
NormalSnore
28%
NormalSwift
28%
NormalWish
28%
NormalBaton Pass
22%
NormalBody Slam
22%
FightingDetect
22%
NormalHyper Voice
22%
NormalYawn
22%
NormalCopycat
17%
NormalFacade
17%
NormalRound
17%
NormalTickle
17%
NormalWeather Ball
17%
NormalWork Up
17%
DarkFake Tears
11%
NormalFlail
6%
NormalFocus Energy
6%
GroundMud-Slap
6%
NormalPay Day
6%
NormalRetaliate
6%
PsychicStored Power
6%

Score Distribution

Percentile by Number Answered

Percent of People with Each Score

Your Score History

You have not taken this quiz